000 00705nam a2200253Ia 4500
003 OSt
005 20220924130815.0
006 a|||||r|||| 00| 0
007 ta
008 220923b |||||||| |||| 00| 0 san d
024 _a229071
037 _cTextual
040 _aARTS
_cARTS
_bsan
041 _2san
_asan
082 _aQ128:22, 15P5
100 _aPimplapure G. W. Ed.
_9200716
245 0 _aKanva satapatha
_b a critical edition
250 _a2nd
260 _aUjjain
_bMaharshi Sandipani Rashtriya Veda Vidya Pratishthan
_c2005
300 _a1259p.
_ccm.
650 _aRELIGION
942 _hQ128:22, 15P5
_cTEXL
_2CC
999 _c425396
_d425396